| 000 | 00985nac a22002895a 4500 | ||
|---|---|---|---|
| 006 | a||||fr||||z00| 0 | ||
| 008 | 150823t2006 n a|||| b||| 001 0 eng d | ||
| 020 | _a0131193333 | ||
| 020 | _a9780131193338 | ||
| 040 |
_aEG-Sc BUE _beng _cEG-Sc BUE |
||
| 082 | 0 | 4 |
_a620.00420285536 _bRIC _222 |
| 100 | 1 | _aRichard, Paul | |
| 245 | 1 | 0 |
_aIntroduction to AutoCAD 2006: _bA modern perspective/ _cPaul Richard,Jim Fitzgerald |
| 260 |
_aUpper Saddle River : _bPearson Prentice Hall, _cc.2006 |
||
| 300 |
_axv, 906 p. : _bill. ; _c27 cm. + _e1 CD-ROM (4 3/4 in.) |
||
| 500 | _aIndex : p. 895-906. | ||
| 500 | _aGlossary : p.889-893. | ||
| 590 | _aDoha | ||
| 650 |
_aComputer graphics _2BUEsh |
||
| 650 |
_aComputer- aided design _2BUEsh |
||
| 650 |
_aComputer aided engineering _2BUEsh |
||
| 650 |
_aEngineering design _xdata processing _2BUEsh _92127 |
||
| 651 | _2BUEsh | ||
| 653 | _cAugust2015 | ||
| 700 | 1 |
_aFitzgerald, Jim _99246 |
|
| 942 |
_cTB _k620.00420285R511 _2ddc |
||
| 999 |
_c4968 _d4968 |
||